| 000 | 00394nam a2200157Ia 4500 | ||
|---|---|---|---|
| 003 | LK-CoDNM | ||
| 005 | 20240731105314.0 | ||
| 008 | 010623t1834 xxu||||| |||| 00| 1 eng d | ||
| 040 |
_aLK-CoDNM _dLK-CoDNM _eLK-CoDNM |
||
| 041 | _aeng | ||
| 080 |
_a8 _bH4 |
||
| 245 | _aMiscellaneous Translations from oriental Languages | ||
| 260 |
_bLondon _c1834 |
||
| 300 | _bix, 150p. : 21 cm | ||
| 942 | _cBK | ||
| 999 |
_c81105 _d81105 |
||